The practice of system and network administration / (Record no. 3757)

000 -LEADER
fixed length control field 01354cam a2200349 a 4500
001 - CONTROL NUMBER
control field 14803336
003 - CONTROL NUMBER IDENTIFIER
control field OSt
005 - DATE AND TIME OF LATEST TRANSACTION
control field 20161207152651.0
008 - FIXED-LENGTH DATA ELEMENTS--GENERAL INFORMATION
fixed length control field 070410s2007 njua b 001 0 eng
010 ## - LIBRARY OF CONGRESS CONTROL NUMBER
LC control number 2007014507
020 ## - INTERNATIONAL STANDARD BOOK NUMBER
International Standard Book Number 9780321492661 (pbk. : alk. paper)
020 ## - INTERNATIONAL STANDARD BOOK NUMBER
International Standard Book Number 0321492668 (pbk. : alk. paper)
035 ## - SYSTEM CONTROL NUMBER
System control number (OCoLC)ocn123136644
035 ## - SYSTEM CONTROL NUMBER
System control number (OCoLC)123136644
040 ## - CATALOGING SOURCE
Original cataloging agency DLC
Transcribing agency DLC
Modifying agency BAKER
-- BTCTA
-- C#P
-- YDXCP
-- DLC
050 00 - LIBRARY OF CONGRESS CALL NUMBER
Classification number TK5105.5.L53 2007
082 00 - DEWEY DECIMAL CLASSIFICATION NUMBER
Classification number 004.6068
Edition number 22
100 1# - MAIN ENTRY--PERSONAL NAME
Personal name Limoncelli, Tom.
245 14 - TITLE STATEMENT
Title The practice of system and network administration /
Statement of responsibility, etc Thomas A. Limoncelli, Christina J. Hogan, Strata R. Chalup.
250 ## - EDITION STATEMENT
Edition statement 2nd ed., Updated and rev.
260 ## - PUBLICATION, DISTRIBUTION, ETC. (IMPRINT)
Place of publication, distribution, etc Upper Saddle River, NJ :
Name of publisher, distributor, etc Addison-Wesley,
Date of publication, distribution, etc c2007.
300 ## - PHYSICAL DESCRIPTION
Extent xxxix, 1011 p. :
Other physical details ill. ;
Dimensions 24 cm.
504 ## - BIBLIOGRAPHY, ETC. NOTE
Bibliography, etc Includes bibliographical references (p. 945-953) and index.
650 #0 - SUBJECT ADDED ENTRY--TOPICAL TERM
Topical term or geographic name as entry element Computer networks
General subdivision Management.
650 #0 - SUBJECT ADDED ENTRY--TOPICAL TERM
Topical term or geographic name as entry element Computer systems.
700 1# - ADDED ENTRY--PERSONAL NAME
Personal name Hogan, Christina J.
700 1# - ADDED ENTRY--PERSONAL NAME
Personal name Chalup, Strata R.
856 41 - ELECTRONIC LOCATION AND ACCESS
Materials specified Table of contents only
Uniform Resource Identifier <a href="http://www.loc.gov/catdir/toc/ecip0715/2007014507.html">http://www.loc.gov/catdir/toc/ecip0715/2007014507.html</a>
906 ## - LOCAL DATA ELEMENT F, LDF (RLIN)
a 7
b cbc
c orignew
d 1
e ecip
f 20
g y-gencatlg
942 ## - ADDED ENTRY ELEMENTS (KOHA)
Source of classification or shelving scheme
Koha item type Book
Holdings
Withdrawn status Lost status Source of classification or shelving scheme Damaged status Not for loan Home library Current library Shelving location Date acquired Total Checkouts Full call number Barcode Date last seen Copy number Price effective from Koha item type
          Riara University Library Riara University Library General stack 07/12/2016   TK5105.5.L53 2007 8890/16 07/12/2016 C.1 07/12/2016 Book
          Riara University Library Riara University Library General stack 07/12/2016   TK5105.5.L53 2007 8891/16 07/12/2016 C.2 07/12/2016 Book

Riara University Library,
P.O. Box 49940-00100,
Nairobi, Kenya.